Skip to main content
Your cart is empty.
Your lists
Log in to create your own lists
Your cookies
العربية
English
العربية
Home
Search
Advanced search
Authority search
About
The noble scholar, jurist, historian
His Excellency Dr. Abdul Wahhab bin Ibrahim Abu Sulaiman, may Allah have mercy on him.
He was born in Umm Al-Qura in the year 1356 AH.
Library catalog
Title
Author
Subject
ISBN
ISSN
Series
Call number
Log in to your account
×
Login:
Password:
Home
MARC view: إثارة الحجون لزيارة الحجون/
Normal view
MARC view
ISBD view
إثارة الحجون لزيارة الحجون/ (Record no. 14611)
[
view plain
]
MARC details
000 -LEADER
fixed length control field
01797cgm a2200301 a 4500
003 - CONTROL NUMBER IDENTIFIER
control field
SA-RiAUC
005 - DATE AND TIME OF LATEST TRANSACTION
control field
20260315143327.0
007 - PHYSICAL DESCRIPTION FIXED FIELD--GENERAL INFORMATION
fixed length control field
hd b|u uuuu
008 - FIXED-LENGTH DATA ELEMENTS--GENERAL INFORMATION
fixed length control field
260303s1899 |||--- g a fnara c
040 ## - CATALOGING SOURCE
Original cataloging agency
SA-JeALM
Language of cataloging
ara
Transcribing agency
SA-RiAUC
Description conventions
rda
043 ## - GEOGRAPHIC AREA CODE
Geographic area code
a-su---
082 04 - DEWEY DECIMAL CLASSIFICATION NUMBER
Classification number
239.9
090 ## - LOCALLY ASSIGNED LC-TYPE CALL NUMBER (OCLC); LOCAL CALL NUMBER (RLIN)
Classification number (OCLC) (R) ; Classification number, CALL (RLIN) (NR)
م ن 239.9
Local cutter number (OCLC) ; Book number/undivided call number, CALL (RLIN)
ف ي ر
100 1# - MAIN ENTRY--PERSONAL NAME
Personal name
الفيروزآبادي، محمد بن يعقوب بن محمد،
Dates associated with a name
729-817 هجري.
245 10 - TITLE STATEMENT
Title
إثارة الحجون لزيارة الحجون/
Statement of responsibility, etc.
مجد الدين أبو طاهر محمد بن يعقوب الشافعي الشيرازي الفيروزآبادي.
260 ## - PUBLICATION, DISTRIBUTION, ETC.
Date of publication, distribution, etc.
[1899]
264 ## - PRODUCTION, PUBLICATION, DISTRIBUTION, MANUFACTURE, AND COPYRIGHT NOTICE
Place of production, publication, distribution, manufacture
مكة المكرمة :
Name of producer, publisher, distributor, manufacturer
مطبعة الترقى الماجدية
Date of production, publication, distribution, manufacture, or copyright notice
[1914]
300 ## - PHYSICAL DESCRIPTION
Extent
32صفحة؛
Dimensions
29 سم.
500 ## - GENERAL NOTE
General note
أوله : بعد البسملة الحمد لله الذي خلق الإنسان من حمأ مسنون وكلحم معجون ... وبعد فلما كانت ليلة الثلاثاء ... حصل عزم لزيادة مقبرة الحجون ...
500 ## - GENERAL NOTE
General note
آخره : وليكن ختم الكتاب بالصلاة والتسليم على سيدنا ونبينا محمد أشرف الخلق ... وحسبنا الله ونعم الوكيل وكان الفراغ من كتابة هذه ...
500 ## - GENERAL NOTE
General note
نسخ : جعفر بن السيد حسين الحسيني المدني.
500 ## - GENERAL NOTE
General note
النسخة تامة، واضحة، مجدولة.
535 1# - LOCATION OF ORIGINALS/DUPLICATES NOTE
Custodian
مكتبة السيد جعفر ؛
Country
المدينة المنورة، السعودية.
610 27 - SUBJECT ADDED ENTRY--CORPORATE NAME
Corporate name or jurisdiction name as entry element
مقبرة الحجون (مكة المكرمة)
Form subdivision
مخطوطات
Source of heading or term
aucnm
650 #7 - SUBJECT ADDED ENTRY--TOPICAL TERM
Topical term or geographic name entry element
الصحابة والتابعون
Form subdivision
تراجم
--
مخطوطات
Source of heading or term
aucsh
942 ## - ADDED ENTRY ELEMENTS (KOHA)
Source of classification or shelving scheme
Dewey Decimal Classification
Koha item type
كتاب مصور نادر
Suppress in OPAC
No
949 ## - LOCAL PROCESSING INFORMATION (OCLC)
a
SA-JeALM
d
260303
u
mohamedma123
n
1
Holdings
Withdrawn status
Lost status
Source of classification or shelving scheme
Damaged status
Not for loan
Home library
Current library
Date acquired
Total checkouts
Full call number
Barcode
Date last seen
Price effective from
Koha item type
Dewey Decimal Classification
DR AbdElwahab Library
DR AbdElwahab Library
03/15/2026
م ن 239.9 ف ي ر
000023112
03/15/2026
03/15/2026
كتاب مصور نادر
Place hold
Print
Add to your cart
(remove)
Save record
BIBTEX
Dublin Core
MARCXML
MARC (non-Unicode/MARC-8)
MARC (Unicode/UTF-8)
MARC (Unicode/UTF-8, Standard)
MODS (XML)
RIS
ISBD
More searches
Search for this title in:
Other Libraries (WorldCat)
Other Databases (Google Scholar)
Online Stores (Bookfinder.com)
Open Library (openlibrary.org)
Exporting to Dublin Core...
×
Simple DC-RDF
OAI-DC
SRW-DC